Normal view
MARC view
- International organization
Entry Topical Term
001 - CONTROL NUMBER
- control field: 16845
003 - CONTROL NUMBER IDENTIFIER
- control field: OSt
005 - DATE AND TIME OF LATEST TRANSACTION
- control field: 20260623132225.0
008 - FIXED-LENGTH DATA ELEMENTS
- fixed length control field: 260623|| aca||aabn | a|a d
040 ## - CATALOGING SOURCE
- Original cataloging agency: OSt
- Transcribing agency: OSt
150 ## - HEADING--TOPICAL TERM
- Topical term or geographic name entry element: International organization
670 ## - SOURCE DATA FOUND
- Source citation: Work cat.: (OSt)760959: Lall, Ranjit, author. 16843, Making international institutions work :, , 2023
